000 00248nam a2200109Ia 4500
008 190216s9999||||xx |||||||||||||| ||und||
100 _aChinnian P
245 4 _aThe Velloor Muting
260 _bGanga Pusthakmahal
650 _aEnglish
942 _cBK
999 _c13092
_d13092